[Event "Bazna Kings 5th"]
[Site "Medias"]
[Date "2011.06.15"]
[Round "5"]
[White "Ivanchuk, Vassily"]
[Black "Karjakin, Sergey"]
[Result "0-1"]
[WhiteElo "2776"]
[BlackElo "2776"]
[Annotator "Karjakin,S"]
[PlyCount "74"]
[EventDate "2011.06.11"]
[EventType "tourn"]
[EventRounds "10"]
[EventCountry "ROU"]
[EventCategory "21"]
[SourceTitle "CBM 143"]
[Source "ChessBase"]
[SourceDate "2011.07.15"]
[SourceVersion "1"]
[SourceVersionDate "2011.07.15"]
[SourceQuality "1"]

{I started the tournament with 4 unimpressive draws. Zakhar Efimenko, who was
also Kramnik's second in Kazan, at the same time had been playing in the
Ukraine championship. He started with a couple of draws too, but just one day
before managed to win a game! With Black against Ivanchuk I was not in an
aggressive mood, but somehow I got the feeling that my series of draws would
also finish soon...} 1. e4 e5 2. Nf3 Nc6 3. Bc4 {Having Black versus Vasily
Mikhailovich is not an easy task but even more difficult is just to guess the
opening. This move was already a surprise for me!} Bc5 {It was my turn to
surprise him! Before I had played only 3...Nf6, and if 4.d3 then 4...Be7.} 4.
c3 Nf6 5. d3 {Here I knew the theory very fluently and that's why I decided to
make more moves off my own bat. The problem was that every move cost me a
couple of minutes and Vassily's time advantage started to increase.} O-O 6. O-O
d6 7. h3 Ne7 {Over the board I had the idea not to lose time for ...a6 and ...
Ba7 and instead transfer the knight to g6.} 8. Re1 (8. d4 Bb6 9. dxe5 Nxe4 {
looks fine for Black.}) 8... Ng6 9. Nbd2 c6 10. Nf1 {White is making his plan,
but Black is ready to start an operation in the centre.} d5 11. exd5 Nxd5 {
Exploiting the fact that the e5-pawn is untouchable.} ({I don't like} 11...
cxd5 12. Bb3 {and Black's pawns on d5 and e5 become a target for the white
pieces.}) 12. Ng3 ({Of course White can not play} 12. Nxe5 $2 Nxe5 13. Rxe5
Bxf2+ $1 {with Black's advantage!}) 12... h6 ({It was also possible to play
slowly} 12... Qc7 {but I wanted to prepare ...Be6.}) 13. Bb3 {Not very
ambitions.} ({Viorel Iordacescu offered a more interesting move:} 13. Nh5 $5 {
with the main idea} Re8 $2 (13... Qb6 $2 14. Qd2 $1 {is also dangerous for
Black.}) 14. d4 exd4 15. Rxe8+ Qxe8 16. Bxd5 cxd5 17. Bxh6 $1 $16 {So Black
should prefer 13...Qc7 with an about equal position.}) 13... Re8 $11 {Now I
think we can judge the result of the opening. Black has completely equalised
and has an easy game.} 14. Bd2 ({I expected more} 14. d4 exd4 15. Rxe8+ Qxe8
16. Bxd5 cxd5 17. Nxd4 {with a balanced position where the weak pawn on d5 is
compensated for by the advantage of the two bishops.}) 14... Bb6 ({It was also
possible to start from} 14... Be6 {with good play for Black.}) 15. Qc2 $6 {
Starting a wrong plan.} ({It was time to think about equalising:} 15. d4 exd4
16. Rxe8+ Qxe8 17. Bxd5 cxd5 18. Nxd4 $11) 15... Be6 (15... Bxh3 $2 {was not
good:} 16. gxh3 Qf6 17. Qd1 Nh4 18. Nxh4 Qxf2+ 19. Kh1 Qxg3 20. Qg4 Qxg4 21.
hxg4 Bf2 22. Nf3 Bxe1 23. Rxe1 {with a slightly better endgame for White.}) 16.
Rad1 $2 {Continuing with a wrong plan which has a tactical refutation! White
had to try to equalise.} ({After} 16. d4 exd4 17. Nxd4 Bxd4 18. cxd4 Ndf4 {
Black is a bit better.}) ({Probably the most presice was} 16. Re4 Nf6 17. Re2
Bxb3 18. axb3 Qd7 19. Rae1 {and White is close to equalising.}) 16... Bxh3 $1 {
A nice and unexpected blow! Mainly because Black has just played ...Be6 and is
now "losing" a tempo with Be6-h3! It was funny that I did not see this idea on
the previous move, but in this position, I noticed that White's queen is far
from the king's flank and I suddenly found this idea!} 17. c4 $2 {We both
thought that this move is the strongest, but after it, Black is clearly better!
} (17. d4 Bg4 18. c4 Rc8 $1 {Nice and the strongest move! Here White has a big
choice, but probably Black is better in all the lines!} 19. Qb1 (19. cxd5 cxd5
20. Qd3 e4 21. Nxe4 Bf5 22. Ne5 Nxe5 23. Qg3 dxe4 24. dxe5 $15) (19. Nxe5 Nxe5
20. dxe5 Qh4 21. c5 Bxd1 22. Rxd1 Bc7 23. Nf5 Qg4 24. f3 Qg6 25. f4 Rcd8 $15) (
19. Bc1 Bxf3 20. gxf3 Nb4 21. Qf5 Bxd4 22. a3 Nh4 23. Qg4 Na6 24. Bc2 Qf6 25.
f4 exf4 26. Bxf4 Ng6 27. Bxg6 fxg6 28. Ne4 Qf5 29. Qxf5 gxf5 30. Rxd4 fxe4 31.
Rexe4 $15) (19. dxe5 Bxf3 20. gxf3 Qh4 21. c5 Qh3 22. Qf5 Qxf5 23. Nxf5 Bxc5
$15) 19... Bxf3 20. gxf3 Nh4 21. cxd5 Qd7 22. Re4 Nxf3+ 23. Kg2 cxd5 24. Kxf3
dxe4+ 25. Qxe4 exd4 26. Qf5 Red8 27. Qxd7 Rxd7 {This is probably the best that
White could achieve! Black is a little bit better, but not more.}) (17. gxh3 $4
{loses immediately:} Qf6 {Here compared with 15...Bxh3 White's rook is on d1
and White can not play Qd1!} 18. Kg2 Nh4+ 19. Nxh4 Qxf2+ 20. Kh1 Qxg3 $19)
17... Ndf4 18. c5 {Other moves were not better.} (18. Bxf4 exf4 19. Rxe8+ Qxe8
20. c5 fxg3 $17) (18. gxh3 Qd7 $19) 18... Nxg2 (18... Bxg2 19. Nxe5 {was not
so clear.}) 19. cxb6 Qf6 {Exploiting the fact that Black's knight is
controling e3; Black is forcing White to move the knight from its good
position.} 20. Nh2 Nxe1 21. Rxe1 axb6 $19 22. Bc3 {There was nothing better,
for example:} (22. Ne4 Qe7 23. Re3 Be6 24. Rg3 Nf4 $19) (22. Re4 Be6 23. Ng4
Qf3 24. Nh2 Bxb3 25. Qxb3 Qf6 $19 {With a technically winning position!}) 22...
Be6 23. Re3 Nf4 24. Rf3 ({Also losing is} 24. Rxe5 Bxb3 25. Rxe8+ Rxe8 26. axb3
Qg5 $19) 24... Qh4 25. Bd2 Bg4 26. Qc4 ({White is also lost after} 26. Bxf4
Bxf3 27. Bxe5 Bd5 28. Bxd5 cxd5 29. Bxg7 Qh3 30. Bf6 (30. Bc3 d4 $19) 30...
Re1+ 31. Nhf1 Rc8 32. Qa4 d4 33. Bxd4 Rxf1+ 34. Nxf1 Qg4+ 35. Ng3 Rd8 $19)
26... Be6 {Having about 10 minutes on the clock I decided to play safe.} ({
Also winning was} 26... Bxf3 27. Qxf7+ Kh7 28. Nxf3 Qg4 29. Bxf4 Qxf4 $19) 27.
Qc2 Bxb3 28. Qxb3 Re6 {Bringing the rooks closer to White's king.} 29. a3 Rae8
30. Qb4 Rf6 31. Qe4 Ree6 $1 {The last clear move after which White is
defenceless against many threats!} 32. Ne2 {Losing immediately, but there was
nothing better.} Nxe2+ {Having not so much time I decided to go to a technical
position. Instead, almost anything was winning.} ({For example} 32... Rg6+ 33.
Kh1 f5 $19) 33. Qxe2 Rxf3 34. Qxf3 Rg6+ 35. Kh1 Rf6 36. Qg3 Qxg3 37. fxg3 Rd6 {
White is losing the 4th pawn and resigned!} 0-1

[Event "Bazna Kings 5th"]
[Site "Medias"]
[Date "2011.06.20"]
[Round "9"]
[White "Karjakin, Sergey"]
[Black "Ivanchuk, Vassily"]
[Result "1-0"]
[WhiteElo "2776"]
[BlackElo "2776"]
[Annotator "Karjakin,S"]
[PlyCount "43"]
[EventDate "2011.06.11"]
[EventType "tourn"]
[EventRounds "10"]
[EventCountry "ROU"]
[EventCategory "21"]
[SourceTitle "CBM 143"]
[Source "ChessBase"]
[SourceDate "2011.07.15"]
[SourceVersion "1"]
[SourceVersionDate "2011.07.15"]
[SourceQuality "1"]

{Before this game my driver who was bringing me to the playing hall and back
to to the hotel gave me a plan for the last 2 games "Ivanchuk-victoria,
Carlsen-remiza", wich I managed to fulfil:-)!} 1. e4 d6 {As usual, Vassily
Mihajlovich plays the first surprise. Preparing for the game we did not expect
the Pirc-Ufimtsev. However sometimes surprises can be pleasant...} 2. d4 Nf6 3.
Nc3 g6 4. f4 Bg7 5. Nf3 O-O 6. Bd3 Na6 7. O-O c5 8. d5 Nc7 {A rare and in my
opinion not that good a move. In my recent practice this position has occurred
3 times. Chatalbashev played 8...Bg4 against me, and Kramnik twice played 8...
Rb8. Both moves look better to me.} 9. a4 b6 10. Qe1 {With the idea which is
typical for this line Qh4, f5, Bh6.} e6 $2 {This move is not connected with
Black's previous play. If he has played b6, it was more logical to continue
the plan with a6, Rb8... Although I think Black is under an unpleasant attack,
for example:} (10... a6 11. Qh4 Rb8 12. f5 b5 13. axb5 axb5 14. Bh6 {with a
strong attack!}) ({The computer suggests the strange move} 10... Qd7 {with the
idea of playing ...Qg4 in case of Qh4. Probably it was the lesser evil, but
also not very atractive for Black.}) 11. dxe6 fxe6 {There was no choice.} ({
After} 11... Nxe6 12. f5 Nd4 13. Qh4 {White has a crushing attack!}) 12. e5 $1
$16 {Not a very difficult blow, after which White has a clear advantage!} Nfd5
({The last chance was} 12... Ng4 {after which White is clearly better, but at
least there is no forced win.}) ({After} 12... Nh5 {there is the nice blow} 13.
f5 $1 gxf5 (13... exf5 14. Bg5 Qd7 15. exd6 Qxd6 16. Be7 $16 {with an exchange
up!}) 14. Bg5 Qd7 15. Qh4 $16) 13. Ne4 dxe5 $6 (13... Ne8 14. Neg5 {did not
save Black, but with the text move Black is aggravating his position!}) 14.
fxe5 $18 {Now Black is defenceless against Bg5 and his black squares are
catastrophically weak.} Bb7 (14... Nb4 {did not save him:} 15. Bg5 Nxd3 16.
cxd3 Qxd3 17. Rd1 Qc2 18. Be7 $18 {with a decisive advantage for White!}) 15.
Bg5 Qd7 16. Qh4 Nb4 17. Rad1 {White's play is simple and effortless.} Qc6 (
17... Nxd3 18. Rxd3 Qc6 19. Nf6+ Bxf6 20. exf6 {was also lost, but after the
text move, Black is losing by force!}) 18. Nf6+ Bxf6 19. Bxg6 $1 {Nice, but
not a very difficult intermediate move. White develops a decisive attack!} hxg6
20. Bxf6 Rxf6 ({Also lost is} 20... Nbd5 21. Nd4 $1 Rxf6 (21... cxd4 22. Qh8+
Kf7 23. Bg5+ $18) 22. Nxc6 Rxf1+ 23. Rxf1 Bxc6 24. Qf2 $18) 21. exf6 Rf8 22.
Qg5 {Because of many threats Black resigned. It was not Ivanchuk's day.} 1-0

[Event "Moscow Tal Memorial 6th"]
[Site "Moscow"]
[Date "2011.11.18"]
[Round "3"]
[White "Gelfand, Boris"]
[Black "Karjakin, Sergey"]
[Result "0-1"]
[WhiteElo "2744"]
[BlackElo "2763"]
[Annotator "Karjakin,S"]
[PlyCount "118"]
[EventDate "2011.11.16"]
[EventType "tourn"]
[EventRounds "9"]
[EventCountry "RUS"]
[EventCategory "22"]
[SourceTitle "CBM 146"]
[Source "ChessBase"]
[SourceDate "2012.01.18"]
[SourceVersion "1"]
[SourceVersionDate "2012.01.18"]
[SourceQuality "1"]

1. d4 Nf6 2. c4 e6 3. g3 {Boris is one of the biggest experts in the Catalan
and I was expecting this opening.} d5 4. Bg2 Be7 5. Nf3 O-O 6. O-O dxc4 7. Qc2
a6 8. a4 Bd7 9. Qxc4 ({Later in this tournament Kramnik played} 9. Rd1 {
against me, and in the press conference he said that this is the only move
after which there were noto a lot of my games to be found:-).}) 9... Bc6 10.
Bf4 a5 11. Nc3 Na6 12. Ne5 Bxg2 13. Kxg2 Nd5 14. Rad1 Nxf4+ 15. gxf4 Bd6 16.
Rd3 $146 {A new idea in a fresh position! White wants to bring the rook closer
to Black's king. In previous games White played 16.e3.} Qe8 $5 {As I did not
expect 16.Rd3 I did not want to play logical moves like 16...Qh4 or 16...Nb4,
and wanted to surprize Boris! The main idea of 16...Qe8 is to prepare ...f6.}
17. Rf3 {There are other options for White, but I think that basically Black
has a solid and good position.} Nb4 18. Nb5 f6 19. Nd3 Nxd3 20. Qxd3 Rd8 $11 {
I think it is time to evalute the position. Black has completely equalised and
White must already play carefully so as not to get into a slightly worse
position.} 21. Rh3 (21. e3 {was more precise:} c6 22. Nxd6 Rxd6 23. Rc1 $11)
21... f5 22. e3 Qc6+ 23. Kg1 Bb4 {Of course nothing serious for White happened,
but Black managed to keep his bishop and potentially after playing Qd7, c6, b5,
Black would be a bit better.} 24. Rg3 Qd7 25. Qb3 c6 26. Nc3 b5 27. Rc1 Rb8 ({
May be more precise was} 27... Kh8 {was more precise, to get off the a2-g8
diagonal and to prepare ...Rb8 and ...Rfc8, with a slighlity better position.})
28. axb5 cxb5 29. d5 Rfe8 30. dxe6 ({During the game I was expecting} 30. e4 $5
Rbc8 31. e5 Rc4 {with a very unclear and probably objectively equal position.})
30... Qxe6 31. Nd5 (31. Qxe6+ Rxe6 32. Ne2 Bf8 33. Nd4 Rf6 {following with a4,
b4 keeping a better position.}) 31... Kh8 32. Rc7 $6 {A logical attacking move,
but it has a tactical refutation!} ({White should have played} 32. e4 $1 Qxe4 (
32... Bf8 33. e5 {is probably fine for White.}) 33. Re3 Qd4 34. Rd3 Qa7 35.
Nxb4 axb4 36. Qd5 $11 {and it would probably be just a draw.}) 32... Rbd8 $1
33. e4 (33. Rgxg7 Rg8 $19 {and White cannot reach the h7-pawn!}) 33... Bf8 34.
Qc3 $6 ({It was better to play} 34. Qxb5 Qxe4 35. Re3 Qb1+ 36. Kg2 Rxe3 37.
Nxe3 Qe4+ 38. Kg1 Qxf4 39. Rc4 {White is worse, but with precise play he
should keep the balance.}) 34... b4 35. Qd4 Rd7 36. Qa7 (36. Rxd7 Qxd7 $17)
36... Rxc7 37. Nxc7 Qf7 ({There was the interesting alternative} 37... Qe7 38.
Qb6 Qd8 39. Qxa5 Re7 40. Qa8 Qxa8 41. Nxa8 Rxe4 {winning a pawn.}) 38. Qxa5 Rc8
39. Nd5 fxe4 40. Ne3 Qxf4 41. Qd5 (41. Qg5 $15 {was more stubborn where it is
not easy for Black to convert his extra pawn.}) 41... Bd6 $17 {Now Black has a
clear extra pawn and the position should be technically winning.} 42. Qb7 Qf8 (
42... Rg8 $17 {was also very strong!}) 43. Rh3 Re8 44. Rh5 Qf3 (44... Qf4 $1 {
was probably stronger.}) 45. Rg5 Rg8 46. Qc6 $6 (46. Qd5 Qf4 47. Kf1 {could
give White good drawing chances.}) 46... Qf4 (46... Qf6 $19 {was very strong,
but the text move is also good enough.}) 47. Rg2 Be5 48. Qc4 Rb8 49. b3 h6 50.
Rg3 Rf8 51. Rg2 Ra8 52. Qc6 Ra1+ 53. Nf1 Qf5 54. Qb6 {Here in a completely
winning position I thought that everything wins and lost concentration a litle
bit.} Rd1 $2 (54... Qd7 $19 {was a normal "human" win}) (54... Bxh2+ 55. Kxh2 (
55. Rxh2 Qg4+ 56. Rg2 Rxf1+ 57. Kxf1 Qd1#) 55... Qh5+ 56. Kg3 Qe5+ $19 {
was a computer win.}) 55. Qa6 Bd4 56. Qe2 Rd3 $6 (56... Rc1 $19) 57. Rg3 Rc3
58. Qd2 (58. Ne3 {is of course winning for Black, but White is at least in the
game.}) 58... Be5 59. Ne3 Qe6 {White resigned!} 0-1

[Event "Tashkent FIDE GP 2nd"]
[Site "Tashkent"]
[Date "2012.11.29"]
[Round "7"]
[White "Karjakin, Sergey"]
[Black "Morozevich, Alexander"]
[Result "1-0"]
[WhiteElo "2775"]
[BlackElo "2748"]
[Annotator "Karjakin,S"]
[PlyCount "135"]
[EventDate "2012.11.22"]
[EventType "tourn"]
[EventRounds "11"]
[EventCountry "UZB"]
[EventCategory "20"]
[SourceTitle "CBM 152"]
[Source "ChessBase"]
[SourceDate "2013.01.15"]
[SourceVersion "1"]
[SourceVersionDate "2013.01.15"]
[SourceQuality "1"]

1. e4 c5 2. Nf3 e6 3. d4 cxd4 4. Nxd4 Nc6 5. Nc3 Qc7 6. Be3 a6 7. Be2 {I
wanted to surprise Alexander by playing this line, as I had played it only
once before, in a rapid game, but I was mistaken...} Nf6 8. O-O Be7 9. f4 d6
10. a4 O-O 11. Kh1 Nxd4 {Of course he was first to surprise me! I did not
expect this rare line.} 12. Qxd4 Bd7 13. e5 Ne8 {I could not believe that
Black can easily put the knight to e8, but the more I thought the more I
understood that it is really hard to set problems, especially without home
preparation.} 14. Bf3 Bc6 {Here I was already upset, as Alexander was clearly
following his preparation, and also because Black is objectively fine.} 15. Qb6
{After the game I was very surprised to find that this line had been played a
few times by Vladimir Potkin, who was the ... second of my opponent in
Tashkent!} Bxf3 16. Rxf3 Rc8 17. a5 Qc6 18. Na4 ({It was probably a little bit
more precise to play} 18. Qb4) 18... f6 19. exd6 Nxd6 20. Qxc6 Rxc6 21. Bc5 {
Finally after natural moves, Black has got a slighlity better endgame. If
somebody had told me at this moment that I would win the game, I would have
been very surprised!} Re8 22. Rd1 Ne4 23. Bxe7 Rxe7 24. c3 e5 25. Kg1 exf4 26.
Rxf4 $11 {Probably Black did not play precisely for the last few moves, at
least I managed to equalise.} g6 27. Rf3 f5 28. Rfd3 Nc5 {Not necessary, but
possible.} 29. Nxc5 Rxc5 30. Rd5 Rxd5 ({An important moment! Here Black could
have forced a draw with the nice} 30... Re1+ $1 31. Rxe1 Rxd5 32. Re7 Rd1+ 33.
Kf2 Rd2+ 34. Re2 Rd5 35. Re7 Rd2+ 36. Re2 Rd5 $11) 31. Rxd5 {Now White at
least has some hopes to fight for a win. At least it is my best position in
the game;-)!} Kf7 32. Rd6 {With the idea to transfer the rook to b6.} Kg7 ({
This manoeuvre looks strange, but the problem is that after the natural} 32...
Re6 $2 {White has} 33. Rd7+ Re7 34. Rxe7+ $1 Kxe7 35. Kf2 Kd6 36. Ke3 Ke5 37.
g3 {It looks like with the kings in the centre and equal material the game
should be drawn, but strangely enough White is winning! For example:} g5 38. h4
h6 39. c4 Kd6 40. b4 Ke5 41. h5 Ke6 42. Kd4 Kd6 43. b5 Ke6 44. bxa6 bxa6 45. c5
$18) 33. Kf2 Kh6 34. Kf3 Kh5 {The endgame is of course drawn, but White has
slightly more active pieces, and some chances of success.} 35. Rb6 Kg5 36. g3
Rc7 37. h3 ({After} 37. c4 {the easiest is} Rxc4 $1 38. h4+ Kh5 39. Rxb7 h6 40.
Rb6 Rc2 {and Black holds.}) 37... Rd7 38. c4 Rd3+ 39. Kf2 Rd7 ({My opponent
was in time-trouble and that is why I was hoping that he would not play} 39...
f4 40. gxf4+ Kxf4 41. Rxb7 Rxh3 {where Black has an easy draw.}) 40. Ke3 Re7+
41. Kf3 Rc7 42. b3 {White has got almost the maximum of what was possible to
get, but the rook endgame is always drawn, and Black is still very solid.} Kh5
43. Kf4 (43. b4 Rxc4 44. Rxb7 Kg5 45. h4+ Kf6 46. Kg2 f4 {was drawish.}) 43...
Rf7 {I could have started with 43.b4 and it was the same as in the game.} 44.
Kf3 ({Nothing is achieved by} 44. Ke5 g5 45. Ke6 Kg6 {followed by ...f4.})
44... g5 (44... Kg5 45. c5 {was a bit slow for Black and probably White is
already much better. That is why I started with 44.Kf4.}) 45. b4 g4+ 46. hxg4+
fxg4+ 47. Ke4 Kg5 48. b5 (48. c5 {but Black also holds here. For example} Re7+
49. Kd4 Rd7+ 50. Ke5 h5 51. b5 axb5 52. Rxb5 Rc7 53. Kd6 Rc6+ 54. Kd5 Rc7 55.
a6 bxa6 56. Rb8 h4 57. Rg8+ Kf5 58. gxh4 Rd7+ 59. Kc6 Rh7 $11) 48... axb5 49.
cxb5 h5 50. a6 Re7+ ({As the game shows it was safer to start with} 50... bxa6)
51. Kd3 Rd7+ 52. Kc4 ({An important line is} 52. Ke3 Re7+ 53. Kf2 Rf7+ 54. Kg2
bxa6 55. bxa6 Rf5 $3 (55... Ra7 56. Rb5+ Kg6 57. Ra5 {is probably lost for
Black}) 56. a7 Ra5 57. Rb5+ Rxb5 58. a8=Q Rf5 $11) 52... Rc7+ $2 {Of course it
is a piece of luck, but after the not so simple endgame Black loses his
concentration just for one move, and it costs him the game.} (52... bxa6 53.
bxa6 {was a simple draw:} Rc7+ 54. Kb4 (54. Kd3 {to go to the line with an
extra queen}) 54... h4 55. Rb5+ Kh6 56. gxh4 Ra7 57. Ka5 g3 58. Rg5 Rg7 $11)
53. Rc6 {Now Black is completely lost.} bxc6 54. b6 Rc8 55. b7 Rb8 56. Kc5 h4
57. a7 Rxb7 58. a8=Q Rh7 59. Qg8+ Kh6 60. gxh4 Rg7 61. Qh8+ Kg6 62. h5+ Kf7 63.
h6 Rg5+ 64. Kd6 g3 65. Qh7+ Kf6 66. Qe7+ Kf5 67. Qxg5+ Kxg5 68. h7 1-0